Diagnosi de la vegetació dels marges dels rius de la conca del Besòs i propostes per a la seva restauració / coordinació, Ricard Ros i Puig
Publicado:
Barcelona :
Diputació de Barcelona. Area d'Agricultura i Medi Natural : Consorci per a la Defensa de la Conca del Besòs ,
1991
Descripción Física:
101 p. il ; 30 x 43 cm
Otros Autores:
Ros i Puig, Ricard, coord
MARC
| LEADER | 00000nam a2200000Ia 4500 | ||
|---|---|---|---|
| 001 | 13065 | ||
| 008 | 160829s1991 xx 000 0 cat d | ||
| 080 | |a FOL-2-13 | ||
| 245 | |a Diagnosi de la vegetació dels marges dels rius de la conca del Besòs i propostes per a la seva restauració / coordinació, Ricard Ros i Puig | ||
| 260 | |a Barcelona : |b Diputació de Barcelona. Area d'Agricultura i Medi Natural : |b Consorci per a la Defensa de la Conca del Besòs, |c 1991 | ||
| 300 | |a 101 p. il ; |c 30 x 43 cm | ||
| 650 | |a Conca del Besòs |x Ecologia |9 32754 | ||
| 650 | |a Vegetació |x Besòs (Riu) |9 32755 | ||
| 700 | |a Ros i Puig, Ricard, coord. |9 32756 | ||
| 710 | 1 | |a Consorci per a la Defensa de la Conca del Besòs |9 52684 | |
| 710 | 1 | |a Barcelona (Catalunya : Província). |b Àrea d'Agricultura i Medi Natural |9 55979 | |
| 901 | |a Arxiu | ||
| 942 | |n 1 | ||
| 952 | |0 0 |1 0 |4 0 |6 FOL213 |7 1 |9 46089 |a Arxiu |b Arxiu |d 2016-12-01 |l 0 |o FOL-2-13 |p 13065 |r 2016-12-01 00:00:00 |w 2016-12-01 |y ARXIU | ||
| 999 | |c 49591 |d 49591 | ||